| 000 | 02339nam a22003377a 4500 | ||
|---|---|---|---|
| 001 | 1723 | ||
| 003 | FISKH | ||
| 005 | 20231003161229.0 | ||
| 008 | 230920b cb ||||| |||| 00| 0 khr d | ||
| 020 | _a9789924341055 | ||
| 040 |
_aFISKH _beng _cFISKH _dFISKH |
||
| 082 | _a902 | ||
| 100 | _aYeong, Ye | ||
| 245 |
_a100 ហេតុការណ៍នៃប្រវត្តិសាស្រ្តពិភពលោក / _bពីលទ្ធិសំខាន់ៗនៅប្រទេសចិន រហូតដល់ការបែងចែកចក្រភពរ៉ូំម: _cនិពន្ធដោយ យេ យ៉ង, ស៊ីន ជេហ្វាន់ និង ឆាន់ ដុងហូ - គូររូបដោយ ស៊ីន ជេហ្វាន់ និង ឆង់ ដុហូ - បកប្រែពីភាសាកូរ៉េដោយ ទូច វណ្ដា |
||
| 260 |
_aPhnom Penh : _bSipar, _c2021. |
||
| 300 |
_a97 pages : _bcolor illustrations ; _c23 cm |
||
| 490 |
_a ខ្ញុំចង់ដឹង _v2 |
||
| 505 | _aZ' | ||
| 520 | _aនៅក្នុងផ្នែកទី 2 នៃសៀវភៅថ្លុកកំប្លែងនេះ អ្នកអាននឹងដឹងពីព្រឹត្តិការណ៍ប្រវត្តិសាស្ត្រសំខាន់ៗពី 500BC ដល់ 395AD រួមទាំងជំនឿ នយោបាយ និងសេដ្ឋកិច្ចនៅក្នុងប្រទេសចិន ការបង្កើតសាសនាគ្រឹស្ត និងផ្នែករ៉ូម។ | ||
| 520 | _aIn this 2nd part of the series, readers will get to know significant historical events from 500BC to 395AD including beliefs, politics and economics in China, creation of Christianity and Roman division. | ||
| 521 | 8 |
_a1060
_bLexile estimate |
|
| 521 | 8 |
_aZ'
_bRaz-Plus |
|
| 650 |
_aចក្រភពរ៉ូម _vព្រឹតិ្តការណ៍ _xសំខាន់ _yនយោបាយ |
||
| 650 |
_aRome _vEvent _xSignificant _yPolitic |
||
| 700 |
_aJae-hwan, shin _eAuthor |
||
| 700 |
_aDong-ho, Jeong _eAuthor |
||
| 700 |
_aJae-hwan, shin _eillustrator |
||
| 700 |
_aDong-ho, Jeong _eillustrator |
||
| 700 |
_aVanda, Touch _eTranslator |
||
| 942 |
_2ddc _cKHB _n0 |
||
| 999 |
_c1723 _d1723 |
||